Alphabet Phonétique International - Statistiques

Statistiques générales
  • Ce quiz a été pris 2 267 fois
  • Le résultat moyen est 19 sur 26
Statistiques - réponses
HintP Réponse % Correct
A Alpha
99%
C Charlie
93%
D Delta
92%
B Bravo
89%
E Echo
83%
F Foxtrot
82%
J Juliet
76%
L Lima
76%
P Papa
76%
I India
73%
H Hotel
72%
G Golf
70%
K Kilo
70%
R Romeo
70%
T Tango
69%
X X-Ray
68%
N November
65%
S Sierra
65%
Z Zulu
65%
O Oscar
64%
Q Quebec
61%
Y Yankee
61%
M Mike
59%
U Uniform
58%
V Victor
53%
W Whiskey
52%
Aucun quiz correspondant
Distribution des résultats
% des personnes avec chaque résultat
Percentile par nombre de réponses
Votre historique - résultats
Vous n’avez pas pris ce quiz